000 00287nam a2200109Ia 4500
008 200302s9999 xx 000 0 und d
100 _aKavita Datta and other
245 _aHousign and finance in developing countries
260 _bRoutledge publishing Co.
260 _c2006
300 _a270
999 _c5968
_d5968